000 01564cam a22004454i 4500
003 PE-LiUPU
005 20250731172735.0
008 150617s r 000 0 d
035 _a(Sirsi) a11725
040 _aPE-LiUPU
_bspa
_cPE-LiUPU
_erda
049 _aPRUA
082 0 4 _a200.1
_bO46
_221
100 1 _aOltramare, Paul,
_eautor.
245 1 3 _aLa Religión et la vie de L'Esprit /
_cPaul Oltramare.
264 1 _aParís :
_bLibrairie Félix Alcan,
_c1925.
300 _a230 páginas ;
_c20 cm.
336 _atext
_2rdacontent
337 _aunmediated
_2rdamedia
338 _avolume
_2rdacarrier
505 0 _aDéfinition statique et définition dynamyque de la religión -- L'Église et la vie de L'Esprit -- La vie ouvrière de religion -- L'efficacité spirituelle de la religion -- Définition génétique de la religión.
526 _aSEG42
526 _aSEG41
526 _aSEG40
526 _aSEG39
526 _aP94
526 _aP87
526 _aP86
526 _aP85
526 _aP77
526 _aP76
526 _aP35
650 0 4 _aVida espiritual.
_91182
910 _ajck
_bjvq
_cjck
_d20150616
942 _2ddc
_cBOOK
949 _a200.1 O46
_wDEWEY
_c1
_i54429
_lCCODEBUL1
_mBUL
_p00.00
_r0
_sY
_tBOOK
_u19930830
_xTEOLOGIA
_PP35
_0COMPRA
_o.STAFF. Colección General
994 _aC0
_bPEPRU
596 _a1
999 _a200.1 O46
_wDEWEY
_c1904
_i54429
_f2021-11-11
_g5
_lCCODEBUL1
_mBUL
_r0
_sY
_tBOOK
_u2015-6-17
_xTEOLOGIA
_PP35
_0COMPRA
_o.STAFF. Colección General
_d1904
980 _81
_gALBERTO SANCHEZ Responsable de Automatización